<?xml version="1.0" encoding="UTF-8"?>
<collection xmlns="http://www.loc.gov/MARC21/slim">
 <record>
  <leader>02265nam a2200265 a 4500</leader>
  <controlfield tag="001">1/44747</controlfield>
  <controlfield tag="008">140627s2002    us            001 0 eng  </controlfield>
  <datafield tag="020" ind1=" " ind2=" ">
   <subfield code="a">9780750655200</subfield>
  </datafield>
  <datafield tag="020" ind1=" " ind2=" ">
   <subfield code="a">0750655208</subfield>
  </datafield>
  <datafield tag="035" ind1=" " ind2=" ">
   <subfield code="l">47701</subfield>
  </datafield>
  <datafield tag="040" ind1=" " ind2=" ">
   <subfield code="a">OPELS</subfield>
   <subfield code="b">eng</subfield>
   <subfield code="c">OPELS</subfield>
   <subfield code="d">OCLCG</subfield>
   <subfield code="d">OCLCQ</subfield>
   <subfield code="d">OCLCF</subfield>
   <subfield code="d">GR-PeUP</subfield>
  </datafield>
  <datafield tag="100" ind1="1" ind2=" ">
   <subfield code="a">Jones, A. G.</subfield>
   <subfield code="q">(Alan G.)</subfield>
  </datafield>
  <datafield tag="245" ind1="1" ind2="0">
   <subfield code="a">Crystallization process systems</subfield>
   <subfield code="h">[electronic resource] /</subfield>
   <subfield code="c">A.G. Jones.</subfield>
  </datafield>
  <datafield tag="260" ind1=" " ind2=" ">
   <subfield code="a">Oxford ;</subfield>
   <subfield code="a">Boston :</subfield>
   <subfield code="b">Butterworth-Heinemann,</subfield>
   <subfield code="c">2002.</subfield>
  </datafield>
  <datafield tag="300" ind1=" " ind2=" ">
   <subfield code="a">1 online resource (xviii, 341 p.) :</subfield>
   <subfield code="b">ill.</subfield>
  </datafield>
  <datafield tag="520" ind1=" " ind2=" ">
   <subfield code="a">Crystallization Process Systems gives a clear, concise, balanced and up to date presentation of crystallization and solid-liquid separation of the crystalline product. The information is presented in a coherent, concise and logical sequence based on the fundamentals of particulate crystallization processes as systems. By emphasising the analysis, design and operation of particulate crystallization processes as systems, the reader will be able to make a better judgement about the best, cheapest and most effective production method to use. Crystallization Process Systems gives a wider view and an overview of the subject of crystallization as a whole. It provides an ideal lead-in to more specialized works such as Crystallization and Solid-Liquid Separation - also published by BH. Presents a coherent, concise and logical sequence based on the fundamentals of particulate crystallization processes as systemsEmphasis on the design and optimization of the crystallization processing system.</subfield>
  </datafield>
  <datafield tag="505" ind1="0" ind2=" ">
   <subfield code="a">Particulate Crystal Characteristics; Fluid-particle Transport Processes; Crystallization Principles and Techniques; Crystal Formation Processes; Crystallizer Design and Operation; Solid-Liquid Separation Processes; Design of Crystallization Process Systems.</subfield>
  </datafield>
  <datafield tag="504" ind1=" " ind2=" ">
   <subfield code="a">Includes bibliographical references (p. [299]-328) and indexes.</subfield>
  </datafield>
  <datafield tag="650" ind1=" " ind2="4">
   <subfield code="a">Crystallization.</subfield>
  </datafield>
  <datafield tag="650" ind1=" " ind2="4">
   <subfield code="a">Crystallization</subfield>
   <subfield code="x">Industrial applications.</subfield>
  </datafield>
  <datafield tag="655" ind1=" " ind2="4">
   <subfield code="a">Electronic books.</subfield>
  </datafield>
  <datafield tag="852" ind1=" " ind2=" ">
   <subfield code="a">INST</subfield>
   <subfield code="b">UNIPILB</subfield>
   <subfield code="c">EBOOKS</subfield>
   <subfield code="e">20140627</subfield>
   <subfield code="p">00b47701</subfield>
   <subfield code="q">00b47701</subfield>
   <subfield code="t">ONLINE</subfield>
   <subfield code="y">0</subfield>
  </datafield>
  <datafield tag="856" ind1="4" ind2="0">
   <subfield code="3">ScienceDirect</subfield>
   <subfield code="u">http://www.sciencedirect.com/science/book/9780750655200</subfield>
  </datafield>
  <datafield tag="856" ind1="4" ind2=" ">
   <subfield code="d">/webopac/covers/03/47701_9780750655200.jpg</subfield>
  </datafield>
  <datafield tag="856" ind1="4" ind2=" ">
   <subfield code="d">/webopac/covers/03/47701_0750655208.jpg</subfield>
  </datafield>
 </record>
</collection>
